00762cam a2200205 a 4500020001500000020001800015020001500033020001800048040000800066082002600074100002000100245006700120250001800187300004600205520015400251650003500405650003400440650003500474650004700509 a1566901189 a9781566901185 a1566901197 a9781566901192 cDLC00a910 YUE 1997 A101 Co.1 aChou, Yue-Hong,10aExploring spatial analysis in geographic information systems / aFirst edition axiii, 474 pages :billustrations ;c23 cm a"For students and professionals who wish to quickly become proficient with spacial analytical techniques employed in geographic information systems." 0aGeographic information systems 0aSpatial analysis (Statistics) 4aAnalyse spatiale (Statistique) 4aSyst©·mes d'information g©♭ographique